000 00718nam a22001817a 4500
999 _c61008
_d61008
005 20231206120307.0
008 231206s1995 ru ||||| |||| 00| 0 rus d
020 _a5880590089
041 _arus
080 _a128/129+165.745+821.133.1.09-311.1 M-22
100 _aМамардашвили, Мераб
_920330
245 _aЛекции о Прусте :
_b(психологическая топология пути) /
_cМераб Мамардашвили.
264 _aМосква:
_bAd Marginem,
_c1995.
300 _a547 с.;
_b23 см.
653 _aლექციები პრუსტზე
653 _aფსიქოლოგიური ტოპოლოგია
942 _2udc
_cᲬᲘᲒᲜᲘ